| 000 | 01256cam a2200445 4500 | ||
|---|---|---|---|
| 008 | 090401t1993 xxu||||| |||| 00| 0 eng d | ||
| 020 | _a0419153500 | ||
| 035 | _a(Sirsi) u51335 | ||
| 041 | _aeng | ||
| 050 | _a368.56 | ||
| 110 |
_aInternational Council for Building Research Studies and Documentation _91423 |
||
| 245 | _aPost-construction liability and insurance. | ||
| 260 |
_aLondon _bE. & F.N. Spon _c1993 |
||
| 300 | _axxx,389p. ; 24cm. | ||
| 350 | _a40 | ||
| 520 | _aProduced by the CIB Working Commission W87: Post-Construction Liability Insurance, co-ordinated by Jens Knocke. | ||
| 650 | _aAUSTRALIA | ||
| 650 | _aBELGIUM | ||
| 650 | _aBUILT ENVIRONMENT-BUILDING CONTRACT FORMS | ||
| 650 | _aBUILDING INDUSTRY | ||
| 650 | _aCANADA | ||
| 650 | _aCIB WORKING COMMISSION W87 | ||
| 650 | _aDENMARK | ||
| 650 | _aFRANCE | ||
| 650 | _aITALY | ||
| 650 | _aJAPAN | ||
| 650 | _aNETHERLANDS | ||
| 650 | _aNORWAY | ||
| 650 | _aPORTUGAL | ||
| 650 | _aPOST-CONSTRUCTION LIABILITY | ||
| 650 | _aSCOTLAND | ||
| 650 | _aSINGAPORE | ||
| 650 | _aSPAIN | ||
| 650 | _aSWEDEN | ||
| 650 | _aUNITED STATES OF AMERICA | ||
| 690 |
_aINSURANCE _96249 |
||
| 700 |
_aKnocke, Jens _xEditor |
||
| 942 | _n0 | ||
| 948 | _c04/03/1997 | ||
| 999 |
_c92873 _d92873 |
||